| 000 | 01102nam a22003137i 4500 | ||
|---|---|---|---|
| 999 |
_c64921 _d64921 |
||
| 001 | 768714001 | ||
| 003 | CO-MdFUSB | ||
| 005 | 20190408164754.0 | ||
| 008 | 190403t2007 ck |||| |||| 00| 0 spa d | ||
| 020 | _a9789587159769 | ||
| 040 |
_aCO-MdFUSB _bspa _cCO-MdFUSB _dCO-MdFUSBC _erda |
||
| 041 | _aspa | ||
| 082 |
_223 _a231.8 _bG633 |
||
| 100 |
_aGomes, Paulo Roberto _e/autor. |
||
| 240 | _aO Deus im-potente | ||
| 245 |
_aEl Dios im-potente : _bEl sufrimiento y el mal en confrontación con la cruz. _c/ Gomes, Paulo Roberto ; Traducido por: Aimar, Augusto. |
||
| 264 |
_aBogotá, Colombia _bSan Pablo _c[2015] |
||
| 264 | _c©2007 | ||
| 300 |
_a276 Páginas _c; 21 cm |
||
| 336 |
_2rdacontent _atexto _btxt |
||
| 337 |
_2rdamedia _asin mediación _bn |
||
| 338 |
_2rdacarrier _avolumen _bnc |
||
| 504 | _aIncluye bibliografía (páginas: 265-276) | ||
| 505 | I |
_gPARTE 1: _tLa fe cuestionada. _gPARTE 2: _tLa fe que busca comprensión. _gPARTE 3: _tLa fe en sus respuestas provisorias |
|
| 650 | 7 |
_9281 _aSufrimiento |
|
| 650 | 0 |
_9936 _aBien y mal |
|
| 650 | 7 |
_9531 _aFe |
|
| 942 | _cBK | ||